000 01932nas a22002417a 4500
999 _c40829
_d40829
005 20200520113103.0
007 cz aa aaaaa
008 200428c f||poo|||| 00| 0 eng d
022 _a2664-6196
040 _coclc
082 _a570
_bJOU/B
245 _aInternational Journal of Clinical Biology and Biochemistry
_he-Journal (Open Access)
260 _bPrime Publications
_aDelhi, India
300 _aPDF(online)
310 _aSemiannual
365 _eOpen Access
500 _aInternational Journal of Clinical Biology and Biochemistry is a peer-reviewed, open access journal that publishes original research articles as well as review articles covering all areas of biological chemistry. Considers review and research articles related to: medical biochemistry, Molecular Cell Biology, Microbiology, Infection and Immunity, structural & functional biology, clinical and medical biochemistry, cellular & molecular biology, molecular immunology, biochemical pathways and mechanisms, genetic studies, therapeutic drug monitoring and toxicology, laboratory medicine in general, prognosis, treatment, therapy, and monitoring of disease, biomolecular recognition, protein-DNA interactions, gene-cloning, genetic engineering, genome analysis, gene targeting, gene expression, vectors, gene therapy, drug targeting, drug design, molecular basis of genetic diseases, Molecular Biology of Host-pathogens Interactions, RNA and protein expression and regulation, transcriptomics, enzymology, biophysics, contemporary areas of molecular biology such as studies on replication, repair, recombination, transcription, mutation, coding and non-coding RNA, genomics, proteomics, etc.
650 0 _92322
_aNatural sciences & mathematics
_vLife sciences; biology
651 0 _92254
_aIndia
655 0 _92257
_ae-Journal
856 _uhttp://www.biochemistryjournal.net/
942 _2ddc
_cEJ
_h570
_k570
_mJOU/B